000 01012cam a2200301 i 4500
001 bg
003 BPK
005 20191002090816.0
008 980713s1997 pl a f f |000 0 pol
015 _aPB 1997/17584
020 _a8301120916
040 _aWA N
_cBPK
041 1 _apol
_heng
080 _a330.101.542
080 _a(07)
100 1 _aVarian, Hal R.
245 1 0 _aMikroekonomia :
_bkurs średni - ujęcie nowoczesne /
_cHal R. Varian ; przekł. [z ang.] Stanisław Ryszard Domański.
246 1 _iTyt. oryg.:
_aIntermediate microeconomics,
_f1987.
250 _aWyd. 2 popr.
260 _aWarszawa :
_bWydaw. Naukowe PWN,
_c1997.
300 _a681, [1] s. :
_bwykr. ;
_c25 cm.
650 4 _aMikroekonomia
655 4 _aPodręcznik
700 1 _aDomański, Stanisław Ryszard.
_eTł.
710 2 _aWydawnictwo Naukowe PWN
_4pbl.
856 _uhttp://koha.tu.koszalin.pl/cgi-bin/koha/opac-detail.pl?biblionumber=54091
_yKatalog online BPK
942 _2UKD
_cKS
999 _c54091
_d54091